The Observations

Bibliographic Details
Main Author: Harris, Jane
Format: Book
Published: London : Faber & Faber Ltd , 2006
Subjects:

MARC

LEADER 00000cam a2200000 7i4500
001 0000009932
005 20071008.0
008 071008
020 |a 057123108X 
090 0 0 |a HAR   |b ENG 
100 1 |a Harris, Jane 
245 1 4 |a The Observations   |c Jane Harris 
260 |a London :   |b Faber & Faber Ltd ,   |c 2006 
650 0 |a English fiction 
650 0 |a Novel 
999 |a 0000995879   |b Book   |c Adult Collection   |e Perbadanan Perpustakaan Awam Johor 
999 |a 0000995880   |b Book   |c Adult Collection   |e Perbadanan Perpustakaan Awam Johor